| 000 | 02290cam a2200253 4500 | ||
|---|---|---|---|
| 001 | ##L135941 | ||
| 008 | 061219n2006 000 0 eng u | ||
| 020 |
_a1859462626 _a9781859462621 |
||
| 035 | _a(Sirsi) u135941 | ||
| 041 | 0 | _aeng | |
| 050 | 0 | 4 | _a692.2 $2 18 |
| 110 | 1 |
_aUnited Kingdom _bDepartment for Communities and Local Government _94939 |
|
| 245 | 0 | 4 |
_aThe Building Regulations 2000 _bFire Safety _bApproved Document B _bVolume Two - buildings other than dwellinghouses |
| 260 |
_a[S.l.] _bNBS _c2006 |
||
| 505 | _aB1: means of warning and escape -- B2: internal fire spread (linings) -- B3: internal fire spread (structure) -- B4: external fire spread -- B5: access and facilities for the fire service -- Appendix A: performance of materials and structures -- Appendix B: fire doors -- Appendix C: methods of measurement -- Appendix D: purpose groups -- Appendix E: definitions -- Appendix F: fire behaviour of insulating core panels used for internal structures - Appendix G: fire safety information -- Appendix H: standards and other publications referred to. | ||
| 520 | _aApproved Document B has been split into two volumes, with volume two dealing with buildings other than dwelling houses. The changes, which come into force on 6 April 2007, will affect future building work in England and Wales, such as the erection, extension or material alteration of a building, and how fire safety is designed into a building. A major change is the introduction of a new Regulation (16B) to ensure adequate fire safety information is recorded to assist the eventual owner, occupier, or employer to meet their statutory duties under the Regulatory Reform (Fire Safety) Order 2005. Other changes include new guidance on residential care homes (including on the use of sprinklers) and the provision of sprinklers in tall blocks of flats. | ||
| 590 | _aKA NTK | ||
| 650 | 2 | 4 | _aBUILDING REGULATIONS 2000 APPROVED DOCUMENT B VOLUME TWO (2006 EDITION) |
| 650 | 2 | 4 | _aREGULATORY REFORM (FIRE SAFETY) ORDER 2005 |
| 651 | 4 |
_aEngland and Wales _y1543- |
|
| 690 |
_aBuilding regulations _96224 |
||
| 856 | 4 | 0 |
_uhttps://www.planningportal.gov.uk/england/professionals/en/1115314683691.html _zView Approved Document B (Volume Two) free of charge at www.planningportal.gov.uk... |
| 942 | _n0 | ||
| 999 |
_c106255 _d106255 |
||